Does you know your Kendrick Lamar? - Statistics

General Stats
  • This quiz has been taken 1,978 times
    1,878 since last reset
  • The average score is 2 of 15
Answer Stats
Hint Answer % Correct
His nickname K-dot
96%
Man down, where you from, nigger M.A.A.D City
77%
Now open your mind up and listen me Kendrick Swimming Pools (Drank)
9%
If God got us, then we gon' be Alright
0%
I pray my dick get big as the Eiffel Tower Backseat Freestyle
0%
I tell a bitch don't sweat me, I kill this whole fucking beat if Cole let me Black Friday
0%
Looked into the mirror and realised i had something to prove Cartoons and Cereal
0%
(Schoolboy Q song) Translate ven acui mami asi culo Collard Greens
0%
(Mac Miller Song) Someimtes I wake up, up in the morning, make up breakfast Fight the Feeling
0%
(Jay Rock song) From Compton to Baltimore Ima kill it,I'll buy a morg in the minute Hood Gone Love It
0%
Nigga your babblin', your words ain't flatterin', I'm imaginin' How Much a Dollar Cost
0%
I don't want you monkey mouth motherfuckers sitting in my throne again King Kunta
0%
A demon come near and I might throw a spear at the omen Look out for Detox
0%
Gang signs out the window, ya bish Money Trees
0%
I don't owe you shit, bitch, leave me alone Spiteful Chant
0%
No matching quizzes found
Score Distribution
Percent of People with Each Score
Percentile by Number Answered
Your Score History
You have not taken this quiz since the last reset